When loss is gain / (Record no. 2367)

MARC details
000 -LEADER
fixed length control field 00540cam a2200181 4500
001 - CONTROL NUMBER
control field 2946
005 - DATE AND TIME OF LATEST TRANSACTION
control field 20181127170123.0
008 - FIXED-LENGTH DATA ELEMENTS--GENERAL INFORMATION
fixed length control field 120127s2012 ii b 000 1 eng
010 ## - LIBRARY OF CONGRESS CONTROL NUMBER
LC control number 2012335221
020 ## - INTERNATIONAL STANDARD BOOK NUMBER
International Standard Book Number 9788129119414
100 1# - MAIN ENTRY--PERSONAL NAME
Personal name Varma, Pavan K.,
Dates associated with a name 1953-
245 10 - TITLE STATEMENT
Title When loss is gain /
Statement of responsibility, etc. Pavan K. Varma.
260 ## - PUBLICATION, DISTRIBUTION, ETC.
Place of publication, distribution, etc. New Delhi :
Name of publisher, distributor, etc. Rain Tree,
Date of publication, distribution, etc. 2012.
300 ## - PHYSICAL DESCRIPTION
Extent 206, [1] p. ;
Dimensions 23 cm.
504 ## - BIBLIOGRAPHY, ETC. NOTE
Bibliography, etc. note Includes bibliographical references (p. [207]).
651 ## - SUBJECT ADDED ENTRY--GEOGRAPHIC NAME
Geographic name Bhutan -- Fiction.
Form subdivision
General subdivision
Chronological subdivision
Geographic subdivision
Source of heading or term
Geographic name India -- Fiction.
Form subdivision
General subdivision
Chronological subdivision
Geographic subdivision
Source of heading or term
Holdings
Withdrawn status Lost status Source of classification or shelving scheme Damaged status Not for loan Collection code Home library Current library Shelving location Date acquired Serial Enumeration / chronology Inventory number Total Checkouts Full call number Barcode Date last seen Date last checked out Price effective from Koha item type
    Dewey Decimal Classification     Main TEST RTC Library RTC Library Main opac 01/03/2021 5202 2 891.1 VAR 30002171 08/03/2021 22/07/2020 27/11/2018 Main
Royal Thimphu College || All Right Reserved